000 00587nam a2200253Ia 4500
005 20260320200840.0
008 008 262003s9999 xx 000 0 eng d
020 _a9781630815578
037 _aEBOOK
040 _aCRL
040 _beng
040 _cCRL
041 _2eng
041 _aeng
084 _qCRL
100 _aBudge
_9938059
245 0 _aBasic Radar Analysis, Second Edition
260 _bIEEE
260 _c2020
856 _uhttps://ieeexplore.ieee.org/servlet/opac?bknumber=9118798
942 _cEBOOK
999 _c1717274
_d1717274